Subsaharská Afrika: problémy a perspektivy

Pretrvávajúce problémy subsaharskej Afriky: chudoba, hlad, malária, HIV. Nedostatočný prístup obyvateľstva k vzdelaniu. Nedostatok financií na zdravotníctvo. Problém pitnej vody a kanalizácie. Zodpovednosť vlády a korupcia. Iniciatívy medzinárodných organizácií a verejnosti v boji za redukciu chudob...

ver descrição completa

Na minha lista:
Detalhes bibliográficos
Autor principal: Kocourek, Aleš
Formato: Capítulo de Livro
Idioma:tcheco
Assuntos:
Tags: Adicionar Tag
Sem tags, seja o primeiro a adicionar uma tag!

MARC

LEADER 00000naa$a2200000$$$4500
001 0052264
005 20231016092444.9
041 0 |a cze 
044 |a CZ 
245 1 0 |a Subsaharská Afrika: problémy a perspektivy  |c Aleš Kocourek 
520 |a Pretrvávajúce problémy subsaharskej Afriky: chudoba, hlad, malária, HIV. Nedostatočný prístup obyvateľstva k vzdelaniu. Nedostatok financií na zdravotníctvo. Problém pitnej vody a kanalizácie. Zodpovednosť vlády a korupcia. Iniciatívy medzinárodných organizácií a verejnosti v boji za redukciu chudoby. 
610 2 0 |a úroveň životná 
610 2 0 |a podmienky životné 
610 2 0 |a situácia hospodárska 
610 2 0 |a pomoc rozvojová 
610 2 0 |a krajiny rozvojové 
610 2 0 |a chudoba 
610 2 0 |a hlad 
610 2 0 |a voda pitná 
610 2 0 |a chorobnosť 
610 2 0 |a vzdelanie 
610 2 0 |a Afrika 
100 1 |a Kocourek, Aleš